[Event "5. Open Internacional 64 Villalba 2017"]
[Site "Collado Villalba ESP"]
[Date "2017.07.23"]
[Round "1.1"]
[White "Agejas Garcia, Diego"]
[Black "Cabañas Bravo, Juan Andres"]
[Result "0-1"]
[WhiteElo "1540"]
[BlackElo "2045"]
[PlyCount "95"]
[EventDate "2017.07.23"]
[EventType "swiss"]
[EventRounds "8"]
[EventCountry "ESP"]
[SourceTitle "Ajedrez en Madrid"]
[Source "lmi"]
[SourceDate "2017.07.23"]
[SourceVersion "1"]
[SourceVersionDate "2017.08.02"]
[SourceQuality "1"]

1. d4 Nf6 2. Nf3 g6 3. Bf4 d5 4. e3 Bg7 5. c4 O-O 6. Nc3 c5 7. dxc5 Qa5 8. Qb3
Ne4 9. Rc1 dxc4 10. Bxc4 Nxc3 11. bxc3 Qxc5 12. Qb4 Nd7 13. O-O a5 14. Qxc5
Nxc5 15. Be5 Bf5 16. Bxg7 Kxg7 17. Nd4 Be4 18. f3 Bc6 19. Nxc6 bxc6 20. Kf2
Rfb8 21. Rh1 Na4 22. Bb3 Nxc3 23. Rhf1 Nxa2 24. Bxa2 Rb2+ 25. Kg3 Rxa2 26. Rxc6
a4 27. Rf2 Rxf2 28. Kxf2 a3 29. Rc1 a2 30. Ra1 Kf6 31. Ke2 Ke5 32. Kd3 Kd5 33.
Kc3 Ra3+ 34. Kb4 Ra7 35. Rd1+ Ke5 36. Ra1 f5 37. g3 g5 38. Kc3 Kd5 39. Kb2 Kc4
40. e4 fxe4 41. fxe4 Kd3 42. Rd1+ Kxe4 43. Ka1 Kf3 44. Rd5 h6 45. Rd3+ Kg2 46.
Rd2+ Kh3 47. Rd1 h5 48. Rd2 0-1

[Event "5. Open Internacional 64 Villalba 2017"]
[Site "Collado Villalba ESP"]
[Date "2017.07.23"]
[Round "1.3"]
[White "Olmedo Aznar, Eduardo"]
[Black "Osorio Ramos, Francisco"]
[Result "1/2-1/2"]
[WhiteElo "1504"]
[BlackElo "1845"]
[PlyCount "50"]
[EventDate "2017.07.23"]
[EventType "swiss"]
[EventRounds "8"]
[EventCountry "ESP"]
[SourceTitle "Ajedrez en Madrid"]
[Source "lmi"]
[SourceDate "2017.07.23"]
[SourceVersion "1"]
[SourceVersionDate "2017.08.02"]
[SourceQuality "1"]

1. a3 c5 2. Nf3 e6 3. e4 Qc7 4. Nc3 a6 5. g3 b5 6. Bg2 Bb7 7. d3 d6 8. Bd2 Be7
9. O-O Nd7 10. Na2 Bf6 11. Bc3 Bxc3 12. Nxc3 e5 13. Nh4 Nh6 14. Qd2 Qd8 15. f4
exf4 16. Qxf4 Ne5 17. Nf5 Nxf5 18. exf5 Bxg2 19. Kxg2 Ra7 20. Rae1 f6 21. d4
cxd4 22. Qxd4 Rd7 23. Qd5 Rf8 24. Ne2 Qb6 25. Nd4 Qb7 1/2-1/2

[Event "5. Open Internacional 64 Villalba 2017"]
[Site "Collado Villalba ESP"]
[Date "2017.07.23"]
[Round "1.4"]
[White "Martin-Consuegra Barrilero, Ja"]
[Black "Gonzalez Arroyo, Abel Miguel"]
[Result "1/2-1/2"]
[WhiteElo "1818"]
[BlackElo "1496"]
[PlyCount "93"]
[EventDate "2017.07.23"]
[EventType "swiss"]
[EventRounds "8"]
[EventCountry "ESP"]
[SourceTitle "Ajedrez en Madrid"]
[Source "lmi"]
[SourceDate "2017.07.23"]
[SourceVersion "1"]
[SourceVersionDate "2017.08.02"]
[SourceQuality "1"]

1. d4 d5 2. Bf4 c6 3. e3 Nf6 4. h3 Bf5 5. c4 e6 6. Qb3 Qb6 7. Nc3 Nbd7 8. Nf3
Ne4 9. c5 Qxb3 10. axb3 Be7 11. b4 Nxc3 12. bxc3 O-O 13. Be2 Rfc8 14. O-O Bd8
15. Ra3 Bc7 16. Rfa1 Bxf4 17. exf4 a6 18. b5 cxb5 19. Bxb5 Rc7 20. Ne5 Nb8 21.
g4 Bg6 22. Be2 f6 23. Nf3 Nc6 24. Re1 Re8 25. Bf1 Rce7 26. Raa1 e5 27. f5 Bf7
28. Rab1 exd4 29. Rxe7 Rxe7 30. cxd4 g6 31. Bd3 g5 32. Kf1 h5 33. Rb6 hxg4 34.
hxg4 Be8 35. Be2 Kg7 36. Ke1 Na5 37. Kd2 Nc4+ 38. Bxc4 dxc4 39. Re6 Rxe6 40.
fxe6 Bc6 41. Ne1 Bd5 42. e7 Kf7 43. Kc3 Kxe7 44. Nc2 Kd7 45. Ne3 Kc6 46. Kb4
Be6 47. Kc3 1/2-1/2

[Event "5. Open Internacional 64 Villalba 2017"]
[Site "Collado Villalba ESP"]
[Date "2017.07.23"]
[Round "1.5"]
[White "Pena Hernandez, Francisco"]
[Black "Galan Aguado, Fernando"]
[Result "0-1"]
[WhiteElo "1486"]
[BlackElo "1689"]
[PlyCount "50"]
[EventDate "2017.07.23"]
[EventType "swiss"]
[EventRounds "8"]
[EventCountry "ESP"]
[SourceTitle "Ajedrez en Madrid"]
[Source "lmi"]
[SourceDate "2017.07.23"]
[SourceVersion "1"]
[SourceVersionDate "2017.08.02"]
[SourceQuality "1"]

1. d4 Nf6 2. Nf3 e6 3. Bf4 d5 4. e3 Nbd7 5. Bb5 c6 6. Ba4 Qa5+ 7. c3 b5 8. Bc2
b4 9. O-O bxc3 10. bxc3 Be7 11. h3 O-O 12. Nbd2 Ba6 13. Re1 c5 14. Nb3 Qb6 15.
Nfd2 c4 16. Nc1 h6 17. e4 Rfc8 18. exd5 Nxd5 19. Qg4 Nxf4 20. Qxf4 Bg5 21. Qe4
Nf6 22. Qe2 Qb2 23. Ndb3 Qxc3 24. Nc5 Rxc5 25. dxc5 Qxa1 0-1

[Event "5. Open Internacional 64 Villalba 2017"]
[Site "Collado Villalba ESP"]
[Date "2017.07.23"]
[Round "1.6"]
[White "Barranco Martinez, Gabriel"]
[Black "Gali Gambero, Joaquin"]
[Result "1-0"]
[WhiteElo "1640"]
[BlackElo "1418"]
[PlyCount "59"]
[EventDate "2017.07.23"]
[EventType "swiss"]
[EventRounds "8"]
[EventCountry "ESP"]
[SourceTitle "Ajedrez en Madrid"]
[Source "lmi"]
[SourceDate "2017.07.23"]
[SourceVersion "1"]
[SourceVersionDate "2017.08.02"]
[SourceQuality "1"]

1. d4 Nf6 2. c4 e6 3. Nc3 Bb4 4. Qc2 O-O 5. Nf3 d5 6. Bg5 c5 7. e3 Nbd7 8. Bd3
Qa5 9. O-O dxc4 10. Bxc4 cxd4 11. exd4 Bxc3 12. bxc3 b5 13. Bd3 Bb7 14. a4 Rac8
15. Rfc1 b4 16. cxb4 Rxc2 17. bxa5 Rxc1+ 18. Rxc1 Rc8 19. Rxc8+ Bxc8 20. a6 Nd5
21. Bd2 Nc7 22. Ne5 Nxe5 23. dxe5 Nd5 24. f4 h6 25. Kf2 Kf8 26. Bc4 Ke7 27.
Bxd5 exd5 28. Be3 Bxa6 29. Bxa7 d4 30. Bxd4 1-0

[Event "5. Open Internacional 64 Villalba 2017"]
[Site "Collado Villalba ESP"]
[Date "2017.07.23"]
[Round "1.7"]
[White "Olmedo Alvarez, Jesus"]
[Black "Rodriguez Sanchez, Juan Carlos"]
[Result "0-1"]
[WhiteElo "1366"]
[BlackElo "1604"]
[PlyCount "46"]
[EventDate "2017.07.23"]
[EventType "swiss"]
[EventRounds "8"]
[EventCountry "ESP"]
[SourceTitle "Ajedrez en Madrid"]
[Source "lmi"]
[SourceDate "2017.07.23"]
[SourceVersion "1"]
[SourceVersionDate "2017.08.02"]
[SourceQuality "1"]

1. e4 c5 2. d4 cxd4 3. c3 dxc3 4. Nxc3 Nc6 5. Nf3 d6 6. Bc4 e6 7. O-O Be7 8.
Re1 Bd7 9. Bb3 a6 10. Bf4 e5 11. Bg3 Nf6 12. h3 O-O 13. Nd5 Nxd5 14. exd5 Na5
15. Bc2 Rc8 16. Rc1 f5 17. Nxe5 dxe5 18. Bxe5 Bf6 19. Qf3 Bxe5 20. Rxe5 Qf6 21.
Qf4 Nc4 22. Rce1 Nxe5 23. Bb3 Nd3 0-1

[Event "5. Open Internacional 64 Villalba 2017"]
[Site "Collado Villalba ESP"]
[Date "2017.07.23"]
[Round "1.8"]
[White "Osuna Osuna, Francisco"]
[Black "Garcia Gil, Yvan"]
[Result "1-0"]
[WhiteElo "1590"]
[BlackElo "1244"]
[PlyCount "57"]
[EventDate "2017.07.23"]
[EventType "swiss"]
[EventRounds "8"]
[EventCountry "ESP"]
[SourceTitle "Ajedrez en Madrid"]
[Source "lmi"]
[SourceDate "2017.07.23"]
[SourceVersion "1"]
[SourceVersionDate "2017.08.02"]
[SourceQuality "1"]

1. e4 d6 2. d4 Nf6 3. Nc3 g6 4. f3 Bg7 5. Be3 O-O 6. Qd2 c5 7. d5 e6 8. Bh6
exd5 9. Bxg7 Kxg7 10. Nxd5 Nxd5 11. exd5 Re8+ 12. Ne2 b5 13. O-O-O Nd7 14. h4
Nf6 15. g4 h6 16. g5 hxg5 17. hxg5 Nh7 18. f4 f6 19. Qc3 b4 20. gxf6+ Nxf6 21.
Qg3 Bg4 22. Rg1 Rh8 23. Qd3 Bf5 24. Qxf5 Qe8 25. Qd3 Rh5 26. Ng3 Rxd5 27. Qf3
Rxd1+ 28. Kxd1 Qf7 29. Qxa8 1-0

[Event "5. Open Internacional 64 Villalba 2017"]
[Site "Collado Villalba ESP"]
[Date "2017.07.24"]
[Round "2.1"]
[White "Cabanas Bravo, Juan Andres"]
[Black "Osuna Osuna, Francisco"]
[Result "1-0"]
[WhiteElo "2045"]
[BlackElo "1590"]
[PlyCount "107"]
[EventDate "2017.07.23"]
[EventType "swiss"]
[EventRounds "8"]
[EventCountry "ESP"]

1. e4 d5 2. exd5 Qxd5 3. Nc3 Qa5 4. d4 Nf6 5. Bc4 Bf5 6. Bd2 c6 7. Nd5 Qd8 8.
Nxf6+ exf6 9. Qe2+ Qe7 10. O-O-O Qxe2 11. Nxe2 Be6 12. Bxe6 fxe6 13. Nf4 Kf7
14. Rhe1 Na6 15. Nxe6 Re8 16. Nf4 Rxe1 17. Rxe1 Bd6 18. a3 Nc7 19. c4 b6 20.
Kc2 a5 21. g3 a4 22. Ne2 b5 23. c5 Be7 24. Nf4 Re8 25. Ba5 Na6 26. Kd3 g6 27.
h4 Bf8 28. Rxe8 Kxe8 29. g4 Bh6 30. Nh3 Ke7 31. f4 Ke6 32. Ke4 f5+ 33. gxf5+
gxf5+ 34. Ke3 Nb8 35. Ng5+ Bxg5 36. fxg5 Nd7 37. h5 Nf8 38. Kf4 Nd7 39. Bc7 Nf8
40. Be5 Ng6+ 41. hxg6 hxg6 42. Ke3 Kd5 43. Kd3 Ke6 44. Kc3 Kd5 45. b3 axb3 46.
Kxb3 f4 47. Bxf4 Kxd4 48. Kb4 Ke4 49. Bd6 Kf5 50. Be7 Ke6 51. Bf6 Kd7 52. Ka5
Ke6 53. Ka6 Kd5 54. Kb6 1-0

[Event "5. Open Internacional 64 Villalba 2017"]
[Site "Collado Villalba ESP"]
[Date "2017.07.24"]
[Round "2.2"]
[White "Rodriguez Sanchez, Juan Carlos"]
[Black "Alonso C, Luis"]
[Result "1/2-1/2"]
[WhiteElo "1604"]
[BlackElo "1912"]
[PlyCount "79"]
[EventDate "2017.07.23"]
[EventType "swiss"]
[EventRounds "8"]
[EventCountry "ESP"]

1. d4 Nf6 2. c4 e5 3. dxe5 Ng4 4. Nf3 Nc6 5. Bg5 Be7 6. Bxe7 Qxe7 7. Nc3 Ngxe5
8. Nxe5 Qxe5 9. Qd5 d6 10. Qxe5+ Nxe5 11. e3 Bd7 12. Be2 O-O-O 13. O-O-O Rhe8
14. h3 Kb8 15. Rhe1 f5 16. Bf1 Bc6 17. b3 g5 18. Re2 Re7 19. Red2 b6 20. b4 a5
21. a3 axb4 22. axb4 h5 23. c5 bxc5 24. bxc5 Re6 25. cxd6 cxd6 26. Nb5 Bxb5 27.
Bxb5 Rc8+ 28. Kb2 Rc5 29. Rd5 Rxd5 30. Rxd5 f4 31. exf4 gxf4 32. Kc3 h4 33. Rd4
f3 34. gxf3 Nxf3 35. Rf4 Ng5 36. Rxh4 Ne4+ 37. Kd4 Nxf2 38. Bd7 Re5 39. Rf4 Re2
40. Bf5 1/2-1/2

[Event "5. Open Internacional 64 Villalba 2017"]
[Site "Collado Villalba ESP"]
[Date "2017.07.24"]
[Round "2.4"]
[White "Santo Domingo Pascual, Ignacio"]
[Black "Barranco Martinez, Gabriel"]
[Result "1-0"]
[WhiteElo "1556"]
[BlackElo "1640"]
[PlyCount "125"]
[EventDate "2017.07.23"]
[EventType "swiss"]
[EventRounds "8"]
[EventCountry "ESP"]

1. d4 d5 2. Nf3 Nc6 3. g3 Nf6 4. Bg2 Bf5 5. a3 e6 6. O-O Bd6 7. Nc3 a6 8. Re1
h6 9. e3 O-O 10. Ne2 Re8 11. c3 Qd7 12. Nf4 Ne7 13. Nd3 Bxd3 14. Qxd3 Ng6 15.
c4 dxc4 16. Qxc4 b5 17. Qc2 Rac8 18. b4 e5 19. Bb2 exd4 20. Nxd4 c5 21. bxc5
Rxc5 22. Qb3 Ne5 23. Red1 Nc4 24. Ne2 Qf5 25. Nd4 Qg6 26. Bc3 Rc7 27. Rac1 Ne4
28. Bb4 Ned2 29. Rxd2 Nxd2 30. Bxd2 Rxc1+ 31. Bxc1 Rc8 32. Nc6 Bc5 33. Qd5 Qc2
34. Qd2 Qxd2 35. Bxd2 Bxa3 36. Bb4 Bxb4 37. Nxb4 a5 38. Nc6 Kf8 39. Nxa5 Rc1+
40. Bf1 Ke7 41. Kg2 b4 42. Bc4 f6 43. Kf3 Kd6 44. Ke4 Rc2 45. Kf3 Kc5 46. Bf7
Rc3 47. Nb3+ Kb5 48. Be8+ Kc4 49. Nd4 Kd5 50. Bf7+ Ke5 51. h4 Rc1 52. Ke2 Rc7
53. Bb3 Rc3 54. Bf7 Rc7 55. Bb3 Rc3 56. Ba4 Rc7 57. Nc6+ Kd5 58. Nxb4+ Kc4 59.
Nc2 Ra7 60. Be8 Kc3 61. Nd4 Ra2+ 62. Kf3 Ra6 63. Bg6 1-0

[Event "5. Open Internacional 64 Villalba 2017"]
[Site "Collado Villalba ESP"]
[Date "2017.07.24"]
[Round "2.5"]
[White "Suarez Paz, Alfonso"]
[Black "Olmedo Aznar, Eduardo"]
[Result "1-0"]
[WhiteElo "1886"]
[BlackElo "1504"]
[PlyCount "113"]
[EventDate "2017.07.23"]
[EventType "swiss"]
[EventRounds "8"]
[EventCountry "ESP"]

1. e4 Nf6 2. e5 Nd5 3. c4 Nb6 4. d4 d6 5. f4 dxe5 6. fxe5 Nc6 7. c5 Nd5 8. Bb5
e6 9. Nf3 Be7 10. O-O O-O 11. Nc3 a6 12. Ba4 f6 13. Nxd5 Qxd5 14. Be3 fxe5 15.
Bxc6 bxc6 16. Nxe5 Bxc5 17. Rxf8+ Bxf8 18. Qf1 Bb7 19. Qf7+ Kh8 20. Rf1 Bd6 21.
Rf4 Rc8 22. Ng6+ hxg6 23. Rh4+ Qh5 24. Rxh5+ gxh5 25. Qxh5+ Kg8 26. Qg6 Kf8 27.
Qxe6 Re8 28. Qf5+ Kg8 29. Bf4 Bc8 30. Qg6 Re6 31. Qg3 Rf6 32. Be5 Bxe5 33. Qxe5
Be6 34. b3 Bd5 35. Qxc7 Rg6 36. g3 Re6 37. Qc8+ Kh7 38. Qxa6 Re1+ 39. Kf2 Rh1
40. h4 Rh2+ 41. Ke3 Rg2 42. Kf4 Rf2+ 43. Kg5 Rf3 44. g4 Re3 45. h5 Re6 46. b4
c5 47. Qd3+ Be4 48. Qc4 Rd6 49. bxc5 Rd8 50. a4 Bd5 51. Qd3+ Kg8 52. h6 Bf7 53.
hxg7 Bg6 54. Qxg6 Rd5+ 55. Qf5 Rxf5+ 56. Kxf5 Kxg7 57. g5 1-0

[Event "5. Open Internacional 64 Villalba 2017"]
[Site "Collado Villalba ESP"]
[Date "2017.07.24"]
[Round "2.6"]
[White "Osorio Ramos, Francisco"]
[Black "Salgado Duarte, Pablo"]
[Result "1-0"]
[WhiteElo "1845"]
[BlackElo "1604"]
[PlyCount "89"]
[EventDate "2017.07.23"]
[EventType "swiss"]
[EventRounds "8"]
[EventCountry "ESP"]

1. d4 d5 2. Nf3 Nf6 3. Bg5 e6 4. e3 Be7 5. Bd3 Nc6 6. c3 h6 7. Bh4 O-O 8. Nbd2
Re8 9. O-O Nd7 10. Bxe7 Qxe7 11. e4 Nf6 12. Re1 dxe4 13. Nxe4 Nxe4 14. Bxe4 Qd6
15. Qc2 Kh8 16. Rad1 Nd8 17. Ne5 c6 18. Re3 f5 19. Ng6+ Kg8 20. Bxf5 Bd7 21.
Bh3 Nf7 22. f4 Qd5 23. Ne5 Nxe5 24. dxe5 Qc5 25. Qf2 Qe7 26. Red3 Rad8 27. Qd2
Qc5+ 28. Kh1 Re7 29. Bxe6+ Rxe6 30. Rxd7 Rxd7 31. Qxd7 Re7 32. Qd4 Qxd4 33.
Rxd4 Kf7 34. g3 g6 35. Kg2 Rc7 36. Kf3 Re7 37. Ke4 Ke8 38. g4 Rg7 39. Rd6 Ke7
40. c4 Ke8 41. b4 Ke7 42. c5 Ke8 43. e6 Re7 44. Ke5 h5 45. g5 1-0

[Event "5. Open Internacional 64 Villalba 2017"]
[Site "Collado Villalba ESP"]
[Date "2017.07.24"]
[Round "2.7"]
[White "Martin Garcia, Francisco Javie"]
[Black "Martin-Consuegra Barrilero, Ja"]
[Result "0-1"]
[WhiteElo "1563"]
[BlackElo "1818"]
[PlyCount "184"]
[EventDate "2017.07.23"]
[EventType "swiss"]
[EventRounds "8"]
[EventCountry "ESP"]

1. d4 d6 2. c4 c6 3. Nf3 Nd7 4. Nc3 Ngf6 5. g3 e5 6. e4 Be7 7. Bg2 O-O 8. O-O
Re8 9. Re1 Qc7 10. h3 Nf8 11. Be3 Ng6 12. Rc1 b6 13. d5 c5 14. Qc2 Nh5 15. Ne2
Qd8 16. Kh2 Rf8 17. g4 Nhf4 18. Ng3 Nxg2 19. Kxg2 Nh4+ 20. Nxh4 Bxh4 21. Nf5
Bxf5 22. gxf5 Bg5 23. Kh2 Kh8 24. Rg1 Bxe3 25. fxe3 Rg8 26. Rcf1 Qf6 27. Qf2
Qh6 28. Rg4 Qf6 29. Rfg1 Rad8 30. Qg3 Rd7 31. Rh4 h6 32. Qg4 Rb7 33. Qg5 Qxg5
34. Rxg5 f6 35. Rg6 Kh7 36. Kg2 b5 37. cxb5 Rxb5 38. b3 a5 39. Kf3 Rb4 40. Rg2
Ra8 41. Rhg4 Ra7 42. Rc2 a4 43. bxa4 Raxa4 44. Rcg2 Ra7 45. Rc2 Rb1 46. Rgg2
Rb4 47. Rg4 Ra3 48. Rcg2 Rb7 49. Rc2 Ra4 50. Rgg2 h5 51. Rg1 Rbb4 52. Rcg2 Ra7
53. Rc2 Ra3 54. Rcg2 Rb7 55. Rc2 Ra4 56. Rcg2 Rba7 57. Ra1 Rb4 58. Rag1 Rab7
59. Rc2 Ra4 60. Rcg2 Rc4 61. Ra1 Ra4 62. Rag1 Rab4 63. Rc2 Rc7 64. Rgc1 Ra7 65.
Rg1 Rab7 66. Rcg2 Rc4 67. Ra1 Ra4 68. Rag1 Ra3 69. Rc1 Rba7 70. Ra1 Kg8 71. Rb2
R3a6 72. Rb8+ Kh7 73. Rb2 Rc7 74. Rc2 Rb6 75. Rac1 Rb4 76. Rg1 Rcb7 77. Rgc1
Kg8 78. Rg1 Kf8 79. Rgc1 Ra7 80. Ra1 Ra5 81. Rac1 Ra3 82. Ra1 Raa4 83. Ke2 Rxe4
84. Rb1 Rh4 85. Kd2 Rxh3 86. Rb8+ Kf7 87. Rcb2 Rh2+ 88. Kc3 Rxb2 89. Kxb2 Rb4+
90. Rxb4 cxb4 91. Kb3 h4 92. Kxb4 h3 0-1

[Event "5. Open Internacional 64 Villalba 2017"]
[Site "Collado Villalba ESP"]
[Date "2017.07.24"]
[Round "2.8"]
[White "Gonzalez Arroyo, Abel Miguel"]
[Black "Agejas Garcia, Diego"]
[Result "0-1"]
[WhiteElo "1496"]
[BlackElo "1540"]
[PlyCount "132"]
[EventDate "2017.07.23"]
[EventType "swiss"]
[EventRounds "8"]
[EventCountry "ESP"]

1. d4 d5 2. Nf3 Bf5 3. Bf4 e6 4. e3 Nf6 5. Bd3 Bxd3 6. Qxd3 c5 7. Qb5+ Qd7 8.
Nc3 a6 9. Qb6 Qc6 10. Qc7 Qxc7 11. Bxc7 Nc6 12. O-O Rc8 13. Bg3 cxd4 14. exd4
Be7 15. a3 Nh5 16. Ne2 Nxg3 17. Nxg3 g6 18. Rfe1 Bf6 19. c3 O-O 20. h4 h5 21.
Ne2 Ne7 22. Ne5 Bxh4 23. g3 Bg5 24. f4 Bh6 25. Kg2 Nf5 26. Ng1 Nd6 27. Nh3 b6
28. Nd7 Rfd8 29. Nxb6 Rb8 30. Na4 Nc4 31. Re2 Bf8 32. b4 Rb7 33. Nc5 Bxc5 34.
dxc5 d4 35. cxd4 Rxd4 36. Nf2 a5 37. c6 Rb6 38. bxa5 Rxc6 39. Re4 Rxe4 40. Nxe4
Ra6 41. Rc1 Nxa5 42. Rc8+ Kg7 43. Rc7 Rb6 44. Ng5 Rb7 45. Nxe6+ Kf6 46. Rxb7
Nxb7 47. Nd4 Ke7 48. Kf3 Kd6 49. Ke3 Kc5 50. Kd3 Nd6 51. a4 Kb4 52. Nb5 Nf5 53.
Nd4 Nxg3 54. Nf3 f6 55. Ke3 Kxa4 56. Nh4 Nf5+ 57. Nxf5 gxf5 58. Kf3 Kb4 59. Kg3
Kc4 60. Kh4 Kd4 61. Kxh5 Ke4 62. Kh4 Kxf4 63. Kh3 Kf3 64. Kh2 Kf2 65. Kh1 f4
66. Kh2 f3 0-1

[Event "5. Open Internacional 64 Villalba 2017"]
[Site "Collado Villalba ESP"]
[Date "2017.07.24"]
[Round "2.9"]
[White "Pareja Cerrato, Antonio"]
[Black "Olmedo Alvarez, Jesus"]
[Result "1-0"]
[WhiteElo "1525"]
[BlackElo "1366"]
[PlyCount "129"]
[EventDate "2017.07.23"]
[EventType "swiss"]
[EventRounds "8"]
[EventCountry "ESP"]

1. e4 e6 2. d4 d5 3. exd5 exd5 4. Nf3 Nf6 5. Nc3 Be7 6. h3 O-O 7. Bf4 c6 8. Be2
Bf5 9. O-O h6 10. Bd3 Bxd3 11. Qxd3 Nbd7 12. Rfe1 Re8 13. Re2 Nf8 14. Rae1 Ng6
15. Bh2 Bd6 16. Ne5 Bxe5 17. Bxe5 Nxe5 18. Rxe5 Qd7 19. R1e3 Re6 20. Qf5 Rae8
21. Rxe6 Rxe6 22. Rxe6 fxe6 23. Qe5 Qf7 24. Qb8+ Kh7 25. Qxa7 Qg6 26. Qa4 Ne4
27. Nxe4 Qxe4 28. Kf1 Qg6 29. Qb3 Qg5 30. Qe3 Qf5 31. Qd3 Qxd3+ 32. cxd3 b5 33.
b3 b4 34. Ke2 Kg6 35. Kf3 Kf6 36. Kf4 g5+ 37. Kg4 e5 38. dxe5+ Kxe5 39. h4 Kd4
40. hxg5 hxg5 41. Kxg5 Kxd3 42. f4 Kc3 43. f5 d4 44. f6 d3 45. f7 d2 46. f8=Q
d1=Q 47. Qc5+ Kb2 48. Qxb4 Kxa2 49. Qa4+ Kb2 50. Qxc6 Qd2+ 51. Kf5 Qf2+ 52. Qf3
Qc5+ 53. Kg4 Qc8+ 54. Qf5 Qg8+ 55. Kh3 Qh8+ 56. Kg3 Qb8+ 57. Kf2 Qa7+ 58. Kf1
Qa1+ 59. Ke2 Qa6+ 60. Qd3 Qe6+ 61. Qe3 Qa6+ 62. Kf2 Qf6+ 63. Kg3 Kc2 64. Qf2+
Qxf2+ 65. Kxf2 1-0

[Event "5. Open Internacional 64 Villalba 2017"]
[Site "Collado Villalba ESP"]
[Date "2017.07.24"]
[Round "2.10"]
[White "Garcia Gil, Yvan"]
[Black "Pena Hernandez, Francisco"]
[Result "0-1"]
[WhiteElo "1244"]
[BlackElo "1486"]
[PlyCount "94"]
[EventDate "2017.07.23"]
[EventType "swiss"]
[EventRounds "8"]
[EventCountry "ESP"]

1. e4 e5 2. f4 Bc5 3. Nf3 exf4 4. d4 Bb6 5. Bxf4 d6 6. Bc4 Bg4 7. O-O Nd7 8.
Nc3 a6 9. Kh1 f6 10. Qd2 Ne7 11. Qf2 Bxf3 12. Qxf3 Bxd4 13. Qg3 Ng6 14. a3 Nde5
15. Bxe5 Bxe5 16. Qg4 Qe7 17. Nd5 Qd7 18. Qxd7+ Kxd7 19. c3 Ne7 20. Nf4 c6 21.
a4 b5 22. axb5 axb5 23. Be6+ Kc7 24. Rxa8 Rxa8 25. Nd3 c5 26. Nxe5 dxe5 27. Rd1
Rd8 28. Ra1 Kb6 29. Kg1 Nc6 30. Bd5 Na5 31. Kf2 c4 32. Kf3 Nb3 33. Ra8 Rxa8 34.
Bxa8 Nc1 35. Ke3 Nd3 36. Ke2 Nxb2 37. Kd2 Ka5 38. Kc2 Nd3 39. g3 b4 40. cxb4+
Kxb4 41. Bd5 Ne1+ 42. Kc1 c3 43. Bg8 h6 44. Kd1 Nf3 45. h3 Ng5 46. h4 Nxe4 47.
g4 Nf2+ 0-1

[Event "5. Open Internacional 64 Villalba 2017"]
[Site "Collado Villalba ESP"]
[Date "2017.07.25"]
[Round "3.1"]
[White "Alonso C, Luis"]
[Black "Cabañas Bravo, Juan Andres"]
[Result "1-0"]
[WhiteElo "1912"]
[BlackElo "2045"]
[PlyCount "45"]
[EventDate "2017.07.23"]
[EventType "swiss"]
[EventRounds "8"]
[EventCountry "ESP"]
[SourceTitle "Ajedrez en Madrid"]
[Source "lmi"]
[SourceDate "2017.07.23"]
[SourceVersion "1"]
[SourceVersionDate "2017.08.02"]
[SourceQuality "1"]

1. e4 e5 2. f4 Nc6 3. Nf3 f5 4. exf5 e4 5. Ne5 Nf6 6. Nc3 Nd4 7. Nxe4 d5 8. Ng5
Bxf5 9. Bd3 Ne4 10. Bxe4 dxe4 11. c3 Nb5 12. Ngf7 Qh4+ 13. g3 Qh3 14. Qe2 Nd6
15. Nxh8 g5 16. d4 exd3 17. Nxd3+ Be7 18. Ne5 Ne4 19. Rg1 Rd8 20. Be3 Bc5 21.
Bxc5 Rd2 22. Qc4 Nxc5 23. Qf7+ 1-0

[Event "5. Open Internacional 64 Villalba 2017"]
[Site "Collado Villalba ESP"]
[Date "2017.07.25"]
[Round "3.2"]
[White "Galan Aguado, Fernando"]
[Black "Suarez Paz, Alfonso"]
[Result "1/2-1/2"]
[WhiteElo "1689"]
[BlackElo "1886"]
[PlyCount "101"]
[EventDate "2017.07.23"]
[EventType "swiss"]
[EventRounds "8"]
[EventCountry "ESP"]
[SourceTitle "Ajedrez en Madrid"]
[Source "lmi"]
[SourceDate "2017.07.23"]
[SourceVersion "1"]
[SourceVersionDate "2017.08.02"]
[SourceQuality "1"]

1. d4 d5 2. Nf3 Nf6 3. e3 e6 4. Bd3 Be7 5. O-O Ne4 6. Nbd2 f5 7. Ne5 O-O 8. f4
Nd7 9. Ndf3 Nxe5 10. Nxe5 Bf6 11. Rf3 Bxe5 12. dxe5 Bd7 13. b3 b5 14. Ba3 c5
15. Bxe4 dxe4 16. Rh3 b4 17. Bb2 Qe7 18. Qd6 Qxd6 19. exd6 Rfc8 20. c4 bxc3 21.
Bxc3 c4 22. b4 Rc6 23. Rd1 Ra6 24. Rd2 Ra3 25. Bd4 a5 26. Rc2 Rc8 27. bxa5 Rxa5
28. Rg3 g6 29. h4 Rd5 30. Be5 Rd1+ 31. Kh2 Ba4 32. Rc3 Rd3 33. h5 Rxc3 34. Bxc3
Rd8 35. hxg6 Rxd6 36. gxh7+ Kxh7 37. Rg7+ Kh6 38. Rc7 Rc6 39. Ra7 Bb5 40. a4
Ra6 41. Rxa6 Bxa6 42. a5 Kg6 43. Kh3 Kf7 44. Kh4 Ke7 45. g4 fxg4 46. Kxg4 Bb7
47. f5 exf5+ 48. Kxf5 Kd6 49. Kf6 Kc5 50. Ke5 Ba8 51. Bd2 1/2-1/2

[Event "5. Open Internacional 64 Villalba 2017"]
[Site "Collado Villalba ESP"]
[Date "2017.07.25"]
[Round "3.5"]
[White "Osuna Osuna, Francisco"]
[Black "Svyatoslav, Vorobyev"]
[Result "0-1"]
[WhiteElo "1590"]
[BlackElo "1771"]
[PlyCount "62"]
[EventDate "2017.07.23"]
[EventType "swiss"]
[EventRounds "8"]
[EventCountry "ESP"]
[SourceTitle "Ajedrez en Madrid"]
[Source "lmi"]
[SourceDate "2017.07.23"]
[SourceVersion "1"]
[SourceVersionDate "2017.08.02"]
[SourceQuality "1"]

1. e4 e6 2. d3 d5 3. Nd2 Nf6 4. g3 dxe4 5. dxe4 e5 6. Ngf3 Nc6 7. Bg2 Bc5 8.
O-O O-O 9. h3 Qe7 10. Qe2 a5 11. Nb3 Bb6 12. Be3 Bxe3 13. Qxe3 Nb4 14. Qe2 a4
15. Nc1 a3 16. b3 b6 17. c4 Bb7 18. Nh4 Rfd8 19. f3 Rd7 20. Rd1 Rxd1+ 21. Qxd1
Rd8 22. Qe2 Qc5+ 23. Kh2 Qd4 24. Rb1 Qd1 25. Qf1 Qxf1 26. Bxf1 Rd1 27. Kg2 Nxe4
28. Be2 Rd2 29. Kg1 Nc3 30. Nd3 Nxb1 31. Nxb4 Rxe2 0-1

[Event "5. Open Internacional 64 Villalba 2017"]
[Site "Collado Villalba ESP"]
[Date "2017.07.25"]
[Round "3.6"]
[White "Barranco Martinez, Gabriel"]
[Black "Agejas Garcia, Diego"]
[Result "0-1"]
[WhiteElo "1640"]
[BlackElo "1540"]
[PlyCount "81"]
[EventDate "2017.07.23"]
[EventType "swiss"]
[EventRounds "8"]
[EventCountry "ESP"]
[SourceTitle "Ajedrez en Madrid"]
[Source "lmi"]
[SourceDate "2017.07.23"]
[SourceVersion "1"]
[SourceVersionDate "2017.08.02"]
[SourceQuality "1"]

1. e4 c5 2. Nf3 Nc6 3. d4 cxd4 4. Nxd4 e5 5. Nf3 Nf6 6. Nc3 d6 7. a3 Be7 8. Bc4
O-O 9. O-O a6 10. Re1 Bg4 11. h3 Bh5 12. Be3 Bg6 13. Qd2 Nxe4 14. Nxe4 Bxe4 15.
Bxf7+ Rxf7 16. Ng5 Bg6 17. Nxf7 Bxf7 18. Rad1 Qc7 19. f4 Rd8 20. Qf2 Rd7 21.
Rd3 d5 22. fxe5 Nxe5 23. Rc3 Nc6 24. Bb6 Qd6 25. Bc5 Qf6 26. Rf3 Bxc5 27. Qxc5
Qd4+ 28. Qxd4 Nxd4 29. Rc3 Nc6 30. b4 d4 31. Rd3 Bg6 32. Rf3 h6 33. g4 Bxc2 34.
Re8+ Kh7 35. Rff8 d3 36. Rh8+ Kg6 37. Re6+ Kf7 38. Re3 d2 39. Rf3+ Kg6 40. h4
d1=Q+ 41. Kg2 0-1